Tintim e o lago dos tubarões (Registo nº 459)

Detalhes MARC
000 -Etiqueta do registo
Cabeçalho 00815cam a2200289 4500
005 - Identificador da versão
Campo de controlo 20240822121642.0
010 ## - Número internacional normalizado dos livros (ISBN)
Número (ISBN) 9725532473
021 ## - Número do Depósito Legal
Código do país PT
Número 113877/97
035 ## - Other System Control Numbers
System Control Number 0000474
System Control Number 0000472
System Control Number 0000472
System Control Number 0000465
100 ## - Dados gerais de processamento
Dados gerais de processamento 19980324d1997 c y0pory5003 ba
101 1# - Língua de publicação
Língua do texto, banda sonora, etc. Português
102 ## - Pais de publicação ou produção
País de publicação Portugal
105 ## - Campo de dados codificados: livros
Dados codificados dos livros a t 000yy
106 ## - Campo de dados codificados: material textual
Dados codificados do material textual r
200 1# - Titulo e menção de responsabilidade
Título próprio Tintim e o lago dos tubarões
Informação de outro título o álbum do filme
Primeira menção de responsabilidade adapt. dos desenhos e dos diálogos do filme Studios Hergé
210 ## - Publicação, Distribuição, etc. 
Lugar da edição, distribuição, etc. [Lisboa]
Nome do editor, distribuidor, etc. Difusão Verbo
Data da publicação, distribuição, etc. imp. 1997
215 ## - Descrição física 
Indicação específica da natureza do documento e extensão da espécie 44 p.
Outras indicações físicas il.
Dimensões 31 cm
225 2# - Colecção 
Título próprio da colecção Álbuns de Hergé.
Nome de uma parte ou secção As aventuras de Tintim no cinema
675 ## - Classificação Decimal Universal (CDU)
Notação 087.5
Edição BN
Língua da edição por
Edição BN
Língua da edição por
702 ## - Nome de autor-pessoa física (responsabilidade secundária)
Número de registo de entrada de autoridade 0000527
Palavra de ordem Hergé
Elementos de identificação ou distinção pseud.
Código de função Antecedente bibliográfico
712 02 - Nome de colectividade-autor (responsabilidade secundária)
Número de registo de entrada de autoridade 0000528
Palavra de ordem Studios Hergé
Código de função Adaptador
942 ## - Elementos de entrada adicionados (Koha)
Tipo de item no Koha Livro
Exemplares
Situação do levantamento Origin of item (home branch) (coded) Biblioteca de empréstimo Código de barras Cota Circulation type (not for loan) Tipo de documento Nota do exemplar Damaged status
  Biblioteca Escolar Eng. Nuno Mergulhão Biblioteca Escolar Eng. Nuno Mergulhão BENM01 8BD HER   Livro Sem mensagem